000
00309pam a2200133 a 4500
020
_c
041
_h
082
_a
658
_b
ANA
100
_a
Anand, Mulkraj
245
_a
Lament On The Death Of A Master Of Arts
_h
Textual Documents
260
_a
Pune
_b
Hind Pocket Books
_c
1967
300
_a
120
930
_a
6256
999
_c
113084
_d
113084